| 000 | 01214cam a22003377a 4500 | ||
|---|---|---|---|
| 003 | CHAP | ||
| 005 | 20220817043239.0 | ||
| 008 | 971013s1989 r 00010 d | ||
| 010 | _a69496 | ||
| 011 | _a70468 | ||
| 035 | _a79949 | ||
| 040 | _cCHAP | ||
| 090 | _aTesis | ||
| 100 | 0 | 0 |
_aPonce Vázquez, Josefina. _990822 |
| 245 | 1 | 3 |
_aLa instrumentación de la política agrícola en México durante el período 1965-1986 _b: un enfoque de análisis multivariado |
| 260 |
_aMontecillo, Méx. : _bEl autor, _c1989 |
||
| 300 |
_a130 h. _b: ilus. ; gráfs. |
||
| 500 | _a34-151 | ||
| 502 | _aTesis (Maestro en Ciencias Esp. en Economía Agrícola) -- CP. Centro de Economía | ||
| 590 |
_aALEPH _b10 _c20130110 _lUCH01 _h1408 |
||
| 590 |
_aBATCH-UPD _b10 _c20130110 _lUCH01 _h1235 |
||
| 590 |
_aBATCH-UPD _b10 _c20130410 _lUCH01 _h0803 |
||
| 590 |
_aBATCH-UPD _b10 _c20130914 _lUCH01 _h0317 |
||
| 590 |
_aCONVERSION _b10 _c20130109 _lUCH01 _h1338 |
||
| 650 | 1 | 4 |
_aAgricultura y Estado _xMéxico. _92054 |
| 650 | 1 | 4 |
_aPolítica agrícola _zMéxico. |
| 710 | 0 |
_aColegio de Postgraduados. Chapingo, Méx. Centro de Economía. _925073 |
|
| 901 | _aBK | ||
| 942 | _cTESIS | ||
| 949 |
_bBC _cTES _d-32840 _eTS1 _h22172 _i79949 _si |
||
| 999 |
_c69496 _d69496 |
||